| 000 | 00988 a2200193 4500 | ||
|---|---|---|---|
| 001 | 59656 | ||
| 005 | 20260407155850.0 | ||
| 008 | 260407a1956 arg spa d | ||
| 003 | AR-UNSa-BCEJYS | ||
| 040 |
_aAR-UNSa-BCEJYS _bspa _cAR-UNSa-BCEJYS |
||
| 080 |
_a330.34 _xDesarrollo Económico |
||
| 245 | 1 | 0 |
_aInflación y desarrollo económico _pdeducciones de un estudio sobre los balances de las sociedades anónimas de chile |
| 264 | 1 |
_aMadrid : _bAguilar _c1956 |
|
| 300 |
_a196 p. _c21 cm. |
||
| 505 | _aPrimera Partes: Algunos principios de la doctrina económica examinados a la luz de los balances patrimoniales - Segunda Parte: 1. Introducción - 2. El problema de la descapitalización de las sociedades anónimas - 3. El crecimiento de las empresas a valores reales - 4. Financiación de las empresas - 5. El problema de la liquidez - 6. Las utilidades de las sociedades anónimas | ||
| 942 | _cBK | ||
| 590 | _aniveau_biblio:m niveau_hierar:0 | ||
| 100 | 1 | _aPrado Arrarte, Jesús | |
| 999 |
_c6776 _d6776 |
||